000 00955nam a2200301 i 4500
003 EG-GICUC
005 20260508164525.0
008 260508s19551956fr |||fr|||| 00| 0 fre d
040 _aEG-GiCUC
_bfre
_cEG-GiCUC
_dEG-GiCUC
_eRda
041 0 _afre
082 0 4 _221
_a343
_bST . C
092 0 4 _221
099 _aLaw1 10 343 ST . C 1956
100 1 _aStefani, Gaston
_eAuteur
245 1 0 _a Droit criminel approfondi /
_ccours de M. Gaston Stefani
264 1 _aParis :
_bLes Nouvelles Instituts,
_c1956.
300 _a313 page ;
_c 24 cm.
_billustration ;
336 _2rda contenu
_a texte
337 _2rda medias
_aOrdinateur
338 _2 transporteur rda
_a Ressource en ligne
504 _aComprend des références bibliographiques.
546 _aTexte en français
650 4 _aDroit pénal
651 1 _2qrmak
856 4 0 _uhttps://fll.law.cu.edu.eg/fulltext/bks/B10-11772.pdf
905 _a74
_eYara
942 _2ddc
_cBK
_e21
_n0
999 _c76291
_d76291